[Event "Tradewise Gibraltar Chess Festival 2012 "]
[Site "?"]
[Date "2012.01.26"]
[Round "4.23"]
[White "Jameson, David"]
[Black "Bucknell, Malcolm Gordon"]
[Result "1-0"]
[WhiteElo "2077"]
[BlackElo "1937"]
[PlyCount "106"]
[EventDate "2012.01.23"]

1. e4 c6 2. d4 d5 3. Nc3 dxe4 4. Nxe4 Bf5 5. Ng3 Bg6 6. Nf3 Nd7 7. h4 h6 8. h5
Bh7 9. Bd3 Bxd3 10. Qxd3 e6 11. Bf4 Qa5+ 12. Bd2 Qc7 13. O-O-O Ngf6 14. Kb1 Bd6
15. Ne4 Nxe4 16. Qxe4 Nf6 17. Qe2 O-O-O 18. c4 Rhe8 19. Bc3 Nd7 20. Rhe1 f6 21.
a3 Kb8 22. g3 c5 23. d5 e5 24. Qe4 a6 25. Nh4 Rg8 26. Nf5 b5 27. cxb5 axb5 28.
Qe2 c4 29. Qd2 Bc5 30. f4 exf4 31. gxf4 Nb6 32. d6 Qf7 33. Qg2 Qb7 34. Qxb7+
Kxb7 35. Re7+ Rd7 36. Bd4 Bxd4 37. Nxd4 Rxe7 38. dxe7 Re8 39. Nf5 Kc7 40. Kc2
Nc8 41. Rg1 Nd6 42. Nxd6 Kxd6 43. Rxg7 Ke6 44. Kc3 Kf5 45. Rf7 Ke6 46. Rh7 Kf5
47. Kb4 Kxf4 48. Kxb5 Kg5 49. Kc6 Ra8 50. Kd7 Ra7+ 51. Ke6 Ra6+ 52. Kf7 Ra7 53.
Kf8 f5 1-0

[Event "Tradewise Gibraltar Chess Festival 2012 "]
[Site "?"]
[Date "2012.01.26"]
[Round "4.24"]
[White "Carlile, Orison"]
[Black "Dimitrijevic, Dragan"]
[Result "1-0"]
[WhiteElo "2043"]
[BlackElo "1937"]
[PlyCount "115"]
[EventDate "2012.01.23"]

1. e4 d5 2. exd5 Qxd5 3. Nc3 Qa5 4. d4 Nf6 5. Nf3 Bf5 6. Ne5 c6 7. g4 Bg6 8. h4
Nbd7 9. Nc4 Qc7 10. h5 Be4 11. Nxe4 Nxe4 12. Qf3 Nd6 13. Bf4 Nb6 14. Ne5 f6 15.
Nd3 Nd7 16. O-O-O Qa5 17. Kb1 O-O-O 18. Bh3 e5 19. dxe5 fxe5 20. Bd2 Qc7 21.
Qe3 Qb6 22. Qxb6 axb6 23. g5 Nc4 24. Bc3 Bd6 25. Rhe1 Rhe8 26. Re4 b5 27. Rde1
Be7 28. f4 Kc7 29. Bxd7 Rxd7 30. Nxe5 Nd2+ 31. Bxd2 Rxd2 32. Nf3 Rd7 33. Kc1
Kd8 34. Nd4 Rg8 35. Nf5 Bc5 36. b4 Bb6 37. Rd1 Rxd1+ 38. Kxd1 g6 39. hxg6 hxg6
40. Nh6 Rg7 41. Ke2 Rd7 42. c3 Bc7 43. Ng4 Rh7 44. Nf6 Rh2+ 45. Kf3 Bd6 46.
Re8+ Kc7 47. Rg8 Rxa2 48. Ne8+ Kd7 49. Nxd6 Kxd6 50. Rxg6+ Kd5 51. f5 Ra3 52.
Re6 c5 53. Re3 cxb4 54. cxb4 Ra1 55. g6 Rf1+ 56. Kg4 Kd4 57. Rg3 Re1 58. g7 1-0

[Event "Tradewise Gibraltar Chess Festival 2012 "]
[Site "?"]
[Date "2012.01.26"]
[Round "4.25"]
[White "Urbina Perez, Juan Antonio"]
[Black "Reppen, Ellisiv"]
[Result "1-0"]
[WhiteElo "2210"]
[BlackElo "1948"]
[PlyCount "65"]
[EventDate "2012.01.23"]

1. e4 e5 2. Nf3 Nc6 3. Bb5 a6 4. Ba4 Nf6 5. Qe2 b5 6. Bb3 Be7 7. c3 d6 8. d4
O-O 9. Nbd2 exd4 10. cxd4 Bg4 11. Qe3 Na5 12. Bc2 c5 13. dxc5 dxc5 14. O-O Qc7
15. e5 Nd7 16. Re1 Rae8 17. Bxh7+ Kxh7 18. Qe4+ Kg8 19. Qxg4 Nc6 20. Ne4 Ndxe5
21. Nxe5 Qxe5 22. Bf4 Qxb2 23. Rab1 Qd4 24. Rbd1 f5 25. Qg6 Qb2 26. Ng5 Bxg5
27. Rxe8 Bxf4 28. Qe6+ Kh7 29. Rxf8 Nd4 30. Qe8 Kh6 31. Rh8+ Kg5 32. h4+ Kf6
33. Rf8# 1-0

[Event "Tradewise Gibraltar Chess Festival 2012 "]
[Site "?"]
[Date "2012.01.26"]
[Round "4.27"]
[White "Schouten, Freek"]
[Black "Helin, Mikael"]
[Result "0-1"]
[WhiteElo "2073"]
[BlackElo "1935"]
[PlyCount "76"]
[EventDate "2012.01.23"]

1. d4 g6 2. e4 d6 3. Nc3 a6 4. f4 c6 5. Nf3 d5 6. e5 Bg4 7. h3 Bxf3 8. Qxf3 e6
9. Be3 h5 10. Bd3 h4 11. Ne2 Qa5+ 12. c3 Nd7 13. O-O Nh6 14. b4 Qa4 15. Rfc1
Nf5 16. Bd2 a5 17. a3 Nb6 18. c4 axb4 19. c5 b3 20. Bc3 Nc4 21. Bxc4 dxc4 22.
Bb2 g5 23. fxg5 Be7 24. Nc3 Nxd4 25. Qg4 Qa5 26. Ne4 Nf5 27. Rf1 Ne3 28. Qf4
Nf5 29. Qg4 Ne3 30. Qf4 Nxf1 31. Rxf1 O-O-O 32. Qxf7 Bxc5+ 33. Kh1 Rhe8 34.
Nd6+ Bxd6 35. exd6 Kb8 36. d7 Rg8 37. Bf6 c3 38. Qxe6 Qd5 0-1

[Event "Tradewise Gibraltar Chess Festival 2012 "]
[Site "?"]
[Date "2012.01.26"]
[Round "4.28"]
[White "Suez-Panama, Gilles"]
[Black "Baumgartner, Christopher"]
[Result "1-0"]
[WhiteElo "2034"]
[BlackElo "1868"]
[PlyCount "61"]
[EventDate "2012.01.23"]

1. d4 Nf6 2. Nf3 d6 3. c4 g6 4. Nc3 Bg7 5. g3 O-O 6. Bg2 Nbd7 7. h3 e5 8. Be3
c6 9. Rc1 Nh5 10. Qd2 Re8 11. Bh6 Bh8 12. O-O e4 13. Nh2 f5 14. g4 Nhf6 15.
gxf5 gxf5 16. f3 Nf8 17. fxe4 Nxe4 18. Nxe4 fxe4 19. Qf4 Qe7 20. e3 Ng6 21. Qg3
Bf6 22. Bxe4 Bh4 23. Qf3 Bxh3 24. Bxg6 Bxf1 25. Bxe8 Bd3 26. Bh5 Kh8 27. Qf7
Be4 28. Qf4 Bf6 29. Ng4 Bh4 30. c5 d5 31. Ne5 1-0

[Event "Tradewise Gibraltar Chess Festival 2012 "]
[Site "?"]
[Date "2012.01.26"]
[Round "4.29"]
[White "Nwachukwu, Chino"]
[Black "Campos Calvo-Sotelo, Juan"]
[Result "0-1"]
[WhiteElo "1926"]
[BlackElo "2028"]
[PlyCount "74"]
[EventDate "2012.01.23"]

1. e4 e6 2. d4 a6 3. Bd3 b5 4. Nf3 c5 5. a4 b4 6. O-O Bb7 7. Re1 cxd4 8. Nxd4
Nf6 9. c3 Nc6 10. e5 Nd5 11. Nxc6 Bxc6 12. c4 Ne7 13. a5 Ng6 14. b3 Bc5 15. Nd2
Nf4 16. Ne4 Nxd3 17. Qxd3 Bxe4 18. Rxe4 f5 19. Re1 O-O 20. Be3 Bxe3 21. Rxe3
Rf7 22. Qd6 f4 23. Rd3 f3 24. c5 Qg5 25. g3 Qg4 26. c6 Qh3 27. Rxf3 Rxf3 28. c7
Raf8 29. Rf1 Qf5 30. c8=Q Rxc8 31. Qxb4 Qc2 32. Qb6 Rxb3 33. Qxa6 Qc6 34. Qa7
Ra8 35. Qd4 Rxa5 36. Qh4 Rb8 37. Re1 Rxe5 0-1

[Event "Tradewise Gibraltar Chess Festival 2012 "]
[Site "?"]
[Date "2012.01.26"]
[Round "4.30"]
[White "Lam, Daniel King-Wai"]
[Black "Riiser, Samuel"]
[Result "1-0"]
[WhiteElo "2022"]
[BlackElo "1827"]
[PlyCount "136"]
[EventDate "2012.01.23"]

1. d4 Nf6 2. c4 e6 3. g3 Bb4+ 4. Nd2 O-O 5. Ngf3 b6 6. Bg2 Bb7 7. O-O d5 8. Ne5
Nbd7 9. Qa4 c5 10. cxd5 Bxd5 11. Nc6 Bxc6 12. Bxc6 Rc8 13. Bg2 Bxd2 14. Bxd2
cxd4 15. Qxd4 Nc5 16. Bc3 Qxd4 17. Bxd4 Rfd8 18. Rfd1 Kf8 19. Bxc5+ bxc5 20.
Kf1 Ke7 21. Ke1 Rb8 22. Rxd8 Rxd8 23. Rc1 Nd7 24. Rc4 Rb8 25. b3 Rb6 26. Ra4 a6
27. Kd2 Rd6+ 28. Kc2 e5 29. Bb7 Nb8 30. Rh4 h6 31. e3 g5 32. Rc4 Nd7 33. f3 f5
34. Ra4 Nb8 35. Ra5 Nc6 36. Rxc5 Nb4+ 37. Kc3 Nxa2+ 38. Kc4 Nc1 39. Rxe5+ Kf6
40. Ra5 Nxb3 41. Kxb3 Rb6+ 42. Kc4 Rxb7 43. Rxa6+ Kg7 44. Kd5 Rb4 45. Ke5 Rb5+
46. Ke6 Rc5 47. Rd6 Kg6 48. Rd2 Rc4 49. Kd5 Rc8 50. Rb2 Ra8 51. e4 Ra5+ 52. Kd4
Ra4+ 53. Ke5 Ra5+ 54. Kd6 Ra6+ 55. Kc5 Ra5+ 56. Kb4 Re5 57. Re2 g4 58. exf5+
Rxf5 59. fxg4 Rd5 60. Kc4 Rd1 61. h4 Ra1 62. Kb3 Rd1 63. Kc3 Ra1 64. Kb3 Rd1
65. Re6+ Kg7 66. Kc4 Ra1 67. Kd5 Ra5+ 68. Ke4 Ra4+ 1-0

[Event "Tradewise Gibraltar Chess Festival 2012 "]
[Site "?"]
[Date "2012.01.26"]
[Round "4.31"]
[White "Knudsen, Jes West"]
[Black "Hamer, Martyn"]
[Result "1-0"]
[WhiteElo "1892"]
[BlackElo "2010"]
[PlyCount "31"]
[EventDate "2012.01.23"]

1. e4 Nf6 2. e5 Nd5 3. Nc3 Nxc3 4. dxc3 d6 5. Nf3 Nc6 6. Bf4 g6 7. Bc4 Bg7 8.
Ng5 dxe5 9. Bxf7+ Kf8 10. Qf3 e6 11. Be3 Qf6 12. Bc5+ Ne7 13. Rd1 Bd7 14. Rxd7
Qxg5 15. Bxe6+ Bf6 16. Bxe7+ 1-0

[Event "Tradewise Gibraltar Chess Festival 2012 "]
[Site "?"]
[Date "2012.01.26"]
[Round "4.33"]
[White "Lochte, Szilvia"]
[Black "Chidi, Lovinia Sylvia"]
[Result "1/2-1/2"]
[WhiteElo "1956"]
[BlackElo "1821"]
[PlyCount "51"]
[EventDate "2012.01.23"]

1. d4 d6 2. Bf4 Nf6 3. e3 g6 4. Nf3 Bg7 5. Be2 O-O 6. O-O Nh5 7. Bg5 Nf6 8. h3
Nbd7 9. Bf4 Re8 10. c4 c5 11. Nc3 a6 12. Rc1 Qb6 13. b3 Rf8 14. Re1 Qd8 15. Qd2
Nh5 16. Bh2 Nhf6 17. d5 Qc7 18. e4 Ne8 19. Red1 Ne5 20. Bf4 Nxf3+ 21. Bxf3 Be5
22. Bh6 Bg7 23. g4 e5 24. Bg2 b6 25. Rf1 Ra7 26. Bxg7 1/2-1/2

[Event "Tradewise Gibraltar Chess Festival 2012 "]
[Site "?"]
[Date "2012.01.26"]
[Round "4.34"]
[White "Haddock, Paul"]
[Black "Gravett, Alan David"]
[Result "0-1"]
[WhiteElo "1688"]
[BlackElo "1931"]
[PlyCount "56"]
[EventDate "2012.01.23"]

1. e4 c5 2. Nf3 d6 3. d4 cxd4 4. Nxd4 Nf6 5. Nc3 a6 6. Bc4 e6 7. Bg5 Be7 8. Bb3
b5 9. Qe2 b4 10. Na4 Bd7 11. O-O Qa5 12. Nxe6 fxe6 13. e5 Qxe5 14. Qxe5 dxe5
15. Rfe1 Bxa4 16. Bxa4+ Nbd7 17. Rxe5 Kf7 18. Re2 Nc5 19. Bb3 Nxb3 20. axb3
Rhd8 21. h3 Rd5 22. Bh4 a5 23. Rae1 Ra6 24. c4 bxc3 25. bxc3 Rd3 26. Rc1 Rc6
27. c4 Rxb3 28. Ra2 Bb4 0-1

[Event "Tradewise Gibraltar Chess Festival 2012 "]
[Site "?"]
[Date "2012.01.26"]
[Round "4.35"]
[White "Cohen, Lawrence S"]
[Black "Hansen, Henrik Damgaard"]
[Result "1-0"]
[WhiteElo "1971"]
[BlackElo "1859"]
[PlyCount "79"]
[EventDate "2012.01.23"]

1. c4 g6 2. g3 Bg7 3. Bg2 e5 4. Nc3 Ne7 5. e3 c5 6. Nge2 O-O 7. O-O Nbc6 8. d3
d6 9. a3 a5 10. Nb5 Be6 11. Rb1 f5 12. b3 Qd7 13. d4 cxd4 14. exd4 d5 15. dxe5
Bxe5 16. Nf4 dxc4 17. Qxd7 Bxd7 18. bxc4 Nd8 19. Re1 Bf6 20. Nd5 Nxd5 21. Bxd5+
Kg7 22. Bf4 Bc6 23. Nc7 Rc8 24. Be6 Nxe6 25. Nxe6+ Kf7 26. Nxf8 Rxf8 27. Bd6
Rd8 28. c5 Rd7 29. Rb3 Bd5 30. Rbe3 Be4 31. Rxe4 fxe4 32. Rxe4 b5 33. Re3 b4
34. axb4 axb4 35. Kf1 Bd4 36. Rd3 Be5 37. Rf3+ Ke6 38. Re3 Rxd6 39. cxd6 Kxd6
40. Ke1 1-0

[Event "Tradewise Gibraltar Chess Festival 2012 "]
[Site "?"]
[Date "2012.01.26"]
[Round "4.36"]
[White "Reutimann, Hans Peter"]
[Black "Annetts, Ivor S"]
[Result "1/2-1/2"]
[WhiteElo "1823"]
[BlackElo "1895"]
[PlyCount "64"]
[EventDate "2012.01.23"]

1. d4 d5 2. Nf3 Nf6 3. Bf4 Bf5 4. e3 e6 5. Nbd2 Nbd7 6. Be2 c5 7. c3 Be7 8. O-O
h6 9. Qa4 a6 10. c4 O-O 11. cxd5 b5 12. Qd1 exd5 13. dxc5 Bxc5 14. Nb3 Rc8 15.
Nfd4 Be4 16. Bg4 Nxg4 17. Qxg4 Nf6 18. Qe2 Bb6 19. Rac1 Qd7 20. Rfd1 Rxc1 21.
Rxc1 Rc8 22. Rxc8+ Qxc8 23. Qd2 Bb1 24. Qc1 Qxc1+ 25. Nxc1 Bxd4 26. exd4 Kf8
27. a3 Ke7 28. f3 Kd7 29. Ne2 Bd3 30. Nc3 Kc6 31. Be5 Ne8 32. Kf2 f6 1/2-1/2

[Event "Tradewise Gibraltar Chess Festival 2012 "]
[Site "?"]
[Date "2012.01.26"]
[Round "4.37"]
[White "Bishop, Geoffrey L"]
[Black "Andersen, Daniel"]
[Result "0-1"]
[WhiteElo "1811"]
[BlackElo "1884"]
[PlyCount "69"]
[EventDate "2012.01.23"]

1. e4 e6 2. d4 d5 3. Nd2 Nf6 4. e5 Nfd7 5. Bd3 b6 6. c3 Ba6 7. Bc2 c5 8. Ne2
cxd4 9. cxd4 Nc6 10. Nf3 Be7 11. O-O f6 12. exf6 Bxf6 13. Re1 O-O 14. Bxh7+
Kxh7 15. Qc2+ Kg8 16. Qxc6 Re8 17. Nf4 Nf8 18. Nxe6 Qe7 19. Qxd5 Nxe6 20. Ng5
Bxg5 21. Bxg5 Qf7 22. Be3 Rad8 23. Qb3 Nxd4 24. Qa4 Qc4 25. Qd1 Nc2 26. Qh5
Nxa1 27. Rxa1 Qe2 28. Qxe2 Bxe2 29. h3 Rd1+ 30. Rxd1 Bxd1 31. Kf1 Kf7 32. Ke1
Ba4 33. Kd2 Ke6 34. Kc3 Bc6 35. g3 {The remainder of the scoresheet is
illegible} 0-1

[Event "Tradewise Gibraltar Chess Festival 2012 "]
[Site "?"]
[Date "2012.01.26"]
[Round "4.38"]
[White "Wihlborn, Bengt"]
[Black "Rough, Robert E"]
[Result "1-0"]
[WhiteElo "1866"]
[BlackElo "1762"]
[PlyCount "77"]
[EventDate "2012.01.23"]

1. Nf3 d5 2. c4 e6 3. g3 Nf6 4. Bg2 c6 5. b3 Be7 6. Bb2 O-O 7. O-O Nbd7 8. d4
b6 9. Nbd2 Bb7 10. cxd5 cxd5 11. Rc1 Rc8 12. Rxc8 Qxc8 13. Qb1 Qb8 14. Rc1 Rc8
15. h3 Rc7 16. Ne1 Qc8 17. Rxc7 Qxc7 18. Kh2 Bb4 19. Ndf3 Ne4 20. Nd3 Bd6 21.
Nfe5 Nxe5 22. dxe5 Be7 23. a3 Nc5 24. b4 Ne4 25. Qd1 Nc3 26. Qc2 Nb5 27. Qb3 a6
28. f4 Na7 29. Bd4 Nb5 30. Bf2 Qc3 31. Qxc3 Nxc3 32. Bxb6 Nxe2 33. Bf1 Nc3 34.
Bc5 Bd8 35. Bd6 Nb5 36. Nc5 Nxd6 37. exd6 Bc6 38. Bxa6 Bb6 39. a4 1-0

[Event "Tradewise Gibraltar Chess Festival 2012 "]
[Site "?"]
[Date "2012.01.27"]
[Round "5.4"]
[White "Rowe, Duane"]
[Black "Eriksen, Magnus"]
[Result "1-0"]
[WhiteElo "2236"]
[BlackElo "2076"]
[PlyCount "75"]
[EventDate "2012.01.23"]

1. e4 c5 2. Nc3 d6 3. g3 Nc6 4. Bg2 g6 5. Nge2 Bg7 6. O-O e6 7. d3 Nge7 8. Be3
Nd4 9. h4 O-O 10. h5 e5 11. h6 Bh8 12. Qd2 Be6 13. f4 Qd7 14. f5 gxf5 15. Bxd4
cxd4 16. Qg5+ Ng6 17. exf5 dxc3 18. bxc3 d5 19. fxe6 fxe6 20. Bh3 Rxf1+ 21.
Rxf1 Rf8 22. Rxf8+ Kxf8 23. Qg4 Kf7 24. c4 Bf6 25. Kh2 Qc6 26. Bg2 Qc5 27. cxd5
exd5 28. c4 dxc4 29. dxc4 Qf2 30. Qe4 b6 31. Qd5+ Kf8 32. Qa8+ Kf7 33. Qb7+ Be7
34. Qd5+ Kf8 35. Ng1 Qxa2 36. Kh1 Bc5 37. Qd8+ Kf7 38. Bd5# 1-0

[Event "Tradewise Gibraltar Chess Festival 2012 "]
[Site "?"]
[Date "2012.01.27"]
[Round "5.5"]
[White "Zygouris, Hristos"]
[Black "Kandic, Milan"]
[Result "1-0"]
[WhiteElo "2205"]
[BlackElo "2131"]
[PlyCount "124"]
[EventDate "2012.01.23"]

1. c4 e5 2. g3 Nf6 3. Bg2 d5 4. cxd5 Nxd5 5. Nc3 Nb6 6. d3 Nc6 7. Bxc6+ bxc6 8.
Nf3 Bd6 9. Qc2 Qe7 10. Ne4 Bd7 11. O-O O-O 12. Bd2 f5 13. Bg5 Qf7 14. Nc5 f4
15. Nxd7 Nxd7 16. d4 h6 17. dxe5 hxg5 18. exd6 g4 19. Nh4 Ne5 20. dxc7 Qh5 21.
Qb3+ Kh8 22. Qc3 Kh7 23. Rad1 Rac8 24. Qc2+ Kg8 25. Qb3+ Kh7 26. Rd8 Rcxd8 27.
cxd8=Q Rxd8 28. gxf4 Qxh4 29. fxe5 Qe7 30. Qc2+ Kh8 31. Qc3 Rd5 32. Qxc6 Rxe5
33. Qc8+ Kh7 34. e3 Rc5 35. Qa6 Qc7 36. Qd3+ Kh8 37. Rd1 Rc1 38. Qd2 Rxd1+ 39.
Qxd1 Qc4 40. b3 Qe4 41. a4 a6 42. Qd4 Qb1+ 43. Kg2 Qxb3 44. Qxg4 Qd5+ 45. Qf3
Qg5+ 46. Kf1 a5 47. Qa8+ Kh7 48. Qe4+ Kh8 49. Qd4 Qf5 50. Qh4+ Kg8 51. Qc4+ Kh7
52. h4 Qf3 53. Ke1 Kh8 54. Qd4 Kh7 55. Qd3+ g6 56. Qd7+ Kh6 57. Qd8 Kh7 58.
Qc7+ Kg8 59. Qxa5 Qh1+ 60. Ke2 Qxh4 61. Qa8+ Kg7 62. Qb7+ Kh6 {The remaining
moves were not recorded} 1-0

[Event "Tradewise Gibraltar Chess Festival 2012 "]
[Site "?"]
[Date "2012.01.27"]
[Round "5.6"]
[White "Diaz Velandia, Jose Manuel"]
[Black "Vanparys, Philip"]
[Result "1-0"]
[WhiteElo "2136"]
[BlackElo "2174"]
[PlyCount "65"]
[EventDate "2012.01.23"]

1. d4 d6 2. Nf3 Bg4 3. e3 Nf6 4. c4 Nbd7 5. h3 Bh5 6. g4 Bg6 7. Bg2 c6 8. Nc3
e5 9. Nh4 Ne4 10. Nxg6 Nxc3 11. bxc3 hxg6 12. Rb1 Qa5 13. Rxb7 Qxc3+ 14. Bd2
Qxc4 15. Qb3 Qxb3 16. axb3 d5 17. O-O Bd6 18. Rc1 e4 19. Rxc6 Ke7 20. Rb5 Nb8
21. Rc1 Ke6 22. f3 f5 23. fxe4 fxe4 24. Bb4 Na6 25. Bxd6 Kxd6 26. Rb7 Rhg8 27.
Bf1 Nb8 28. Rcc7 Nc6 29. g5 Rad8 30. Bb5 Na5 31. Rxa7 Ra8 32. Rd7+ Ke6 33. Be2
1-0

[Event "Tradewise Gibraltar Chess Festival 2012 "]
[Site "?"]
[Date "2012.01.27"]
[Round "5.7"]
[White "Rodriguez Boado, Martin"]
[Black "Ungureanu, Sandu"]
[Result "1-0"]
[WhiteElo "2164"]
[BlackElo "2039"]
[PlyCount "69"]
[EventDate "2012.01.23"]

1. e4 c5 2. d4 cxd4 3. c3 dxc3 4. Nxc3 Nc6 5. Nf3 d6 6. Bc4 g6 7. Qb3 e6 8. Bf4
a6 9. Ne2 b5 10. Bd3 e5 11. Ng5 Nh6 12. Bd2 Be7 13. h4 f6 14. Ne6 Bxe6 15. Qxe6
Nf7 16. a4 Qd7 17. Qd5 O-O 18. axb5 axb5 19. Rc1 Na7 20. h5 Rac8 21. hxg6 Rxc1+
22. Bxc1 hxg6 23. Be3 Kg7 24. Kd2 b4 25. Bc4 f5 26. Ra1 Bg5 27. f4 exf4 28.
Bd4+ Kg8 29. Rxa7 f3+ 30. Ke1 Bh4+ 31. g3 Qe8 32. gxh4 fxe2 33. exf5 Qd8 34.
Rxf7 Qxh4+ 35. Bf2 1-0

[Event "Tradewise Gibraltar Chess Festival 2012 "]
[Site "?"]
[Date "2012.01.27"]
[Round "5.8"]
[White "Jaunooby, Ali R"]
[Black "Attwood, James"]
[Result "1-0"]
[WhiteElo "2146"]
[BlackElo "2072"]
[PlyCount "65"]
[EventDate "2012.01.23"]

1. d4 Nf6 2. c4 g6 3. g3 Bg7 4. Bg2 O-O 5. Nc3 d6 6. e3 Nc6 7. Nge2 e5 8. h3
Bd7 9. d5 Ne7 10. e4 a5 11. Be3 Ne8 12. f4 exf4 13. Nxf4 f5 14. g4 g5 15. Nh5
f4 16. Nxg7 Nxg7 17. Bd4 Ng6 18. c5 Qe7 19. cxd6 cxd6 20. O-O Rfc8 21. Na4 Bxa4
22. Qxa4 Qe8 23. Qb3 Rc7 24. Rac1 Rac8 25. Rc3 a4 26. Qb6 Rxc3 27. bxc3 Qe7 28.
Rb1 Rc7 29. e5 Rd7 30. e6 Rc7 31. Bf1 Nh4 32. Kf2 Ne8 33. Bb5 1-0

[Event "Tradewise Gibraltar Chess Festival 2012 "]
[Site "?"]
[Date "2012.01.27"]
[Round "5.9"]
[White "Mihajlov, Sebastian"]
[Black "Severijnen, Arjon"]
[Result "1/2-1/2"]
[WhiteElo "1974"]
[BlackElo "2140"]
[PlyCount "65"]
[EventDate "2012.01.23"]

1. d4 Nf6 2. c4 g6 3. Nc3 Bg7 4. e4 d6 5. f4 O-O 6. Nf3 c5 7. d5 e6 8. Be2 exd5
9. cxd5 Bg4 10. O-O Nbd7 11. h3 Bxf3 12. Bxf3 Re8 13. Re1 Qa5 14. Bd2 b5 15. e5
dxe5 16. d6 Rac8 17. Nd5 Qd8 18. Ne7+ Rxe7 19. dxe7 Qxe7 20. fxe5 Nxe5 21. Bc3
Nfd7 22. Bg4 f5 23. Bf3 b4 24. Bxe5 Nxe5 25. Qd5+ Kh8 26. Rad1 Qc7 27. b3 Nxf3+
28. Qxf3 c4 29. bxc4 Qxc4 30. Qb7 a5 31. Rd7 Rg8 32. Qa7 f4 33. Qc7 1/2-1/2

[Event "Tradewise Gibraltar Chess Festival 2012 "]
[Site "?"]
[Date "2012.01.27"]
[Round "5.10"]
[White "Havik, Victor"]
[Black "Agrest, Inna"]
[Result "1/2-1/2"]
[WhiteElo "2066"]
[BlackElo "2189"]
[PlyCount "39"]
[EventDate "2012.01.23"]

1. d4 Nf6 2. g3 c5 3. d5 b5 4. Bg2 Bb7 5. b3 d6 6. e4 Nbd7 7. Nd2 g6 8. Ne2 Bg7
9. Bb2 O-O 10. O-O Rb8 11. c4 a6 12. Qc2 e6 13. dxe6 fxe6 14. Nf4 Qe7 15. Bh3
e5 16. Ne6 Rf7 17. Ng5 Rff8 18. Ne6 Rf7 19. Ng5 Rff8 20. Ne6 1/2-1/2

[Event "Tradewise Gibraltar Chess Festival 2012 "]
[Site "?"]
[Date "2012.01.27"]
[Round "5.11"]
[White "Benmesbah, Natacha"]
[Black "Jameson, David"]
[Result "0-1"]
[WhiteElo "2228"]
[BlackElo "2077"]
[PlyCount "38"]
[EventDate "2012.01.23"]

1. e4 c6 2. c4 d5 3. exd5 cxd5 4. cxd5 Nf6 5. Qa4+ Nbd7 6. Nc3 g6 7. Nf3 Bg7 8.
Bc4 O-O 9. d3 a6 10. Qa3 Nb6 11. Qb3 Nxc4 12. dxc4 b5 13. cxb5 Nxd5 14. Bh6
Bxh6 15. Qxd5 Be6 16. Qxd8 Rfxd8 17. bxa6 Bc4 18. h4 Rxa6 19. h5 Re6+ 0-1

[Event "Tradewise Gibraltar Chess Festival 2012 "]
[Site "?"]
[Date "2012.01.27"]
[Round "5.12"]
[White "Carlile, Orison"]
[Black "Allor, Chukwuka"]
[Result "0-1"]
[WhiteElo "2043"]
[BlackElo "2145"]
[PlyCount "58"]
[EventDate "2012.01.23"]

1. e4 c5 2. Nc3 d6 3. f4 g6 4. Nf3 Bg7 5. Bb5+ Bd7 6. Bc4 Nc6 7. O-O Na5 8. Be2
Nf6 9. d3 O-O 10. Qe1 Nc6 11. Qh4 Nd4 12. Nxd4 cxd4 13. Nb1 Rc8 14. Bd1 Rc5 15.
Nd2 Qc7 16. h3 Rxc2 17. Nb3 Rc6 18. Bd2 Qb6 19. Kh1 Rcc8 20. Rf3 Bb5 21. f5 Qa6
22. fxg6 hxg6 23. Nxd4 Bxd3 24. Nf5 gxf5 25. Rg3 f4 26. Bxf4 Bxe4 27. Bh6 Bg6
28. Rxg6 fxg6 29. Bb3+ d5 0-1

[Event "Tradewise Gibraltar Chess Festival 2012 "]
[Site "?"]
[Date "2012.01.27"]
[Round "5.14"]
[White "Hagen, Anders Gjerdrum"]
[Black "Obiamiwe, Paul"]
[Result "1/2-1/2"]
[WhiteElo "2139"]
[BlackElo "1982"]
[PlyCount "95"]
[EventDate "2012.01.23"]

1. d4 d5 2. c4 e6 3. Nc3 Be7 4. cxd5 exd5 5. Bf4 c6 6. e3 Nf6 7. Bd3 Nbd7 8.
Qc2 Nh5 9. Bg3 g6 10. Nge2 O-O 11. Nf4 Ndf6 12. O-O-O Ng7 13. f3 Bf5 14. e4
dxe4 15. fxe4 Bg4 16. Be2 Bxe2 17. Qxe2 Nfh5 18. Nxh5 Nxh5 19. Bf2 Bb4 20. g4
Nf4 21. Qf3 Ne6 22. Kb1 Ng5 23. Qe3 Re8 24. e5 Bxc3 25. bxc3 Ne6 26. Rd3 Qg5
27. Qf3 Qd8 28. Be3 Qd5 29. Bc1 Qxf3 30. Rxf3 Rad8 31. Rhf1 Rd7 32. Ba3 b5 33.
Bd6 Ng5 34. Rf4 Ne6 35. Rf6 Ng5 36. Bb4 Ne4 37. g5 Nxf6 38. gxf6 h6 39. Kc2 Re6
40. Rf3 Re8 41. h4 h5 42. Rg3 Kh7 43. Rg5 Ra8 44. Kb3 a5 45. Bc5 Re8 46. Bb6
Ra8 47. Bc5 Re8 48. Bb6 1/2-1/2

[Event "Tradewise Gibraltar Chess Festival 2012 "]
[Site "?"]
[Date "2012.01.27"]
[Round "5.15"]
[White "Marder, Simon"]
[Black "Hanley, James L"]
[Result "1/2-1/2"]
[WhiteElo "2032"]
[BlackElo "2247"]
[PlyCount "48"]
[EventDate "2012.01.23"]

1. d4 Nf6 2. Nc3 d5 3. Bg5 Nbd7 4. f3 c5 5. e4 cxd4 6. Bxf6 gxf6 7. Qxd4 dxe4
8. O-O-O exf3 9. Nxf3 a6 10. Kb1 Qb6 11. Qh4 Bg7 12. Nd5 Qd8 13. Nf4 Qc7 14.
Nh5 Bf8 15. Bd3 Nc5 16. Rhe1 Be6 17. Bc4 Rd8 18. Bxe6 Rxd1+ 19. Rxd1 Nxe6 20.
a3 Qc6 21. Qg3 Qc7 22. Qh4 Qc6 23. Qg3 Qc7 24. Qh4 Qc6 1/2-1/2

[Event "Tradewise Gibraltar Chess Festival 2012 "]
[Site "?"]
[Date "2012.01.27"]
[Round "5.16"]
[White "Tavares, Shawn P"]
[Black "Carlsten, Peter"]
[Result "1/2-1/2"]
[WhiteElo "2218"]
[BlackElo "2030"]
[PlyCount "33"]
[EventDate "2012.01.23"]

1. Nf3 f5 2. d4 Nf6 3. c4 e6 4. g3 d5 5. Bg2 c6 6. b3 Bd6 7. O-O O-O 8. a4 a5
9. Ba3 Bxa3 10. Nxa3 Qe7 11. Nc2 b6 12. Nce1 Bb7 13. Rc1 Nbd7 14. Nd3 Ne4 15.
h4 Rac8 16. Nf4 Rfd8 17. Qd3 1/2-1/2

[Event "Tradewise Gibraltar Chess Festival 2012 "]
[Site "?"]
[Date "2012.01.27"]
[Round "5.17"]
[White "Campos Calvo-Sotelo, Juan"]
[Black "Urbina Perez, Juan Antonio"]
[Result "0-1"]
[WhiteElo "2028"]
[BlackElo "2210"]
[PlyCount "102"]
[EventDate "2012.01.23"]

1. b4 e6 2. Bb2 Nf6 3. a3 d5 4. e3 c5 5. bxc5 Bxc5 6. Nf3 O-O 7. c4 Nc6 8. cxd5
exd5 9. Nc3 Ne4 10. d4 Bb6 11. Be2 Ba5 12. Rc1 Qd6 13. Qb3 Bg4 14. O-O Bxf3 15.
Bxf3 Nd2 16. Qxd5 Qxd5 17. Bxd5 Nxf1 18. Kxf1 Rac8 19. Ne4 Ne7 20. Rxc8 Rxc8
21. Bxf7+ Kxf7 22. Nd6+ Ke6 23. Nxc8 Nxc8 24. e4 g6 25. Ke2 b5 26. Kd3 Nd6 27.
d5+ Kd7 28. Bd4 Nc8 29. f4 Bc7 30. e5 Nb6 31. Ke4 Nc4 32. Bxa7 Nxa3 33. d6 Bxd6
34. exd6 Kxd6 35. Bb8+ Ke6 36. Be5 Nc4 37. Bc3 Nd6+ 38. Kf3 Kd5 39. g4 Kc4 40.
Be1 b4 41. Bxb4 Kxb4 42. f5 g5 43. f6 Nf7 44. Ke4 Kc4 45. h3 Kc5 46. h4 gxh4
47. Kf4 Kd5 48. g5 h3 49. Kg3 Nxg5 50. f7 Nxf7 51. Kxh3 Ke5 0-1

[Event "Tradewise Gibraltar Chess Festival 2012 "]
[Site "?"]
[Date "2012.01.27"]
[Round "5.18"]
[White "Daoudi, Kamal"]
[Black "Lam, Daniel King-Wai"]
[Result "0-1"]
[WhiteElo "2165"]
[BlackElo "2022"]
[PlyCount "86"]
[EventDate "2012.01.23"]

1. e4 e6 2. d4 d5 3. e5 c5 4. c3 Nc6 5. Nf3 Qb6 6. a3 c4 7. Nbd2 Bd7 8. Be2 Na5
9. O-O Qc6 10. Qe1 Be7 11. Bd1 Nh6 12. Bc2 Nf5 13. g4 Nh4 14. Nxh4 Bxh4 15. Qe3
Be7 16. f4 h5 17. g5 g6 18. Nf3 Kf8 19. Kh1 Kg7 20. Nh4 Nb3 21. Rb1 Nxc1 22.
Rbxc1 b5 23. Rf2 a5 24. Rcf1 Rhf8 25. Qe2 b4 26. axb4 axb4 27. Rf3 Ra2 28. Bb1
Ra1 29. Rh3 Rh8 30. f5 exf5 31. Rg3 Be6 32. Bc2 Rxf1+ 33. Qxf1 bxc3 34. bxc3
Ra8 35. Ng2 Ra2 36. Bd1 Qb6 37. Nf4 Ra1 38. Rg1 Qb1 39. h4 Qe4+ 40. Kh2 Bd8 41.
Qf2 Rc1 42. Re1 Qb1 43. Ne2 Rxd1 0-1